000 00866 a2200193 4500
003 Nust
005 20220815185209.0
020 _a0471178691
040 _cNust
082 _a621.382,HAY
100 _aHaykin,Simon
245 _aCommunication Systems
_cSimon Haykin
250 _a4th ed
260 _aNew York
_bJohn Wiley & Sons,INc
_c2001
300 _axviii,816p;
505 _aBackground and Preview (Page-1), Random Processes (Page-31), Continuous-Wave Modulation (Page-88), Pulse Modulation (Page-183), Baseband Pulse Transmission (Page-247), Signal-Space Analysis (Page-309), Passband Digital Transmission (Page-344), Spread-Spectrum Modulation (Page-479), Multi User Radio Communications (Page-512), Fundamental Limits in Information Theory (Page-567), Error-Control Coding (Page-626).
650 _aTelecommunication Engineering.
942 _2ddc
_cBK
999 _c196045
_d196045